000 00301nam a22001337a 4500
008 170614b xxu||||| |||| 00| 0 eng d
020 _a0899081967
041 _aeng
080 _a94
100 _a17
101 _aSHH
245 _aCHRISTOPHER COLUMBUS AND HIS LEGACY
_cBENDER,D.L
942 _2udc
_cBK
999 _c17406
_d17406